00505nam a22001577a 450000500170000000800410001702000290005804100130008708200150010010000260011524500720014125000190021326000560023230000330028865000260032120231114135851.0231114b |||||||| |||| 00| 0 eng d a0409057703 ; 040905769 X aEnglish  a344.5 STU  aStuart, KW lEnglish  aKelsey Stuart's: The Newspaperman's Guide to the Law / cKW Stuart  aFifth Edition  aDurban : bButterworth Publisher (Pty) Ltd, c1990  bvii, 352 pages ; c25,4 cm.  aLegal practice bLaw